東北本線 - Statistics

General Stats
  • This quiz has been taken 30 times
  • The average score is 78 of 116
Answer Stats
Hint Answer % Correct
JU01 東京
100%
JU02 上野
96%
郡山
96%
福島
96%
JU04 赤羽
92%
JU07 大宮
92%
仙台
92%
JU05 浦和
88%
JU06 さいたま新都心
88%
小山
88%
宇都宮
88%
黒磯
88%
新白河
88%
白河
88%
須賀川
88%
安積永盛
88%
岩沼
88%
名取
88%
久喜
83%
雀宮
83%
那須塩原
83%
本宮
83%
白石
83%
長町
83%
北上
83%
花巻
83%
盛岡
83%
JU03 尾久
79%
白岡
79%
古河
79%
自治医大
79%
矢板
79%
二本松
79%
東福島
79%
桑折
79%
藤田
79%
南仙台
79%
小牛田
79%
一ノ関
79%
東鷲宮
75%
野木
75%
小金井
75%
矢吹
75%
南福島
75%
大河原
75%
槻木
75%
東仙台
75%
平泉
75%
水沢
75%
花巻空港
75%
東大宮
71%
蓮田
71%
新白岡
71%
栗橋
71%
石橋
71%
宝積寺
71%
西那須野
71%
鏡石
71%
伊達
71%
太子堂
71%
岩切
71%
国府多賀城
71%
松島
71%
土呂
67%
岡本
67%
越河
67%
館腰
67%
塩釜
67%
紫波中央
67%
間々田
63%
松川
63%
金谷川
63%
東白石
63%
船岡
63%
石越
63%
矢幅
63%
仙北町
63%
氏家
58%
蒲須坂
58%
貝田
58%
陸前山王
58%
野崎
54%
泉崎
54%
花泉
54%
有壁
54%
金ヶ崎
54%
日詰
54%
黒田原
50%
日和田
50%
五百川
50%
安達
50%
北白川
50%
鹿島台
50%
瀬峰
50%
新田
50%
片岡
46%
高久
46%
豊原
46%
白坂
46%
杉田
46%
愛宕
46%
品井沼
46%
松山町
46%
前沢
46%
岩手飯岡
46%
久田野
42%
田尻
42%
油島
38%
山ノ目
38%
陸中折居
38%
石鳥谷
38%
梅ヶ沢
33%
清水原
33%
村崎野
33%
六原
25%
古館
25%
No matching quizzes found
Score Distribution
Percent of People with Each Score
Percentile by Number Answered
Your Score History
You have not taken this quiz